Eishockey Weltrangliste - Männer - Statistiken

Allgemein
  • Dieses Quiz wurde 1.056 mal gespielt
    1.002 seit der letzten Aktualisierung
  • Das Durchschnittsergebnis liegt bei 17 aus 20
Antwortstatistiken
Platz Punkte Land % Korrekt
4. 3935 Kanada
100%
2. 3985 Vereinigte Staaten
100%
8. 3710 Deutschland
99%
5. 3915 Schweden
99%
7. 3780 Finnland
98%
1. 3990 Russland
96%
3. 3975 Schweiz
96%
6. 3860 Tschechien
92%
15. 3255 Frankreich
91%
13. 3370 Norwegen
90%
12. 3465 Österreich
89%
20. 3025 Italien
85%
9. 3625 Dänemark
84%
11. 3585 Lettland
83%
10. 3595 Slowakei
83%
17. 3180 Slowenien
73%
19. 3100 Vereinigtes Königreich
69%
14. 3265 Kasachstan
67%
18. 3170 Ungarn
63%
16. 3225 Belarus
62%
Keine übereinstimmenden Quizze gefunden
Verteilung der Resultate
Anzahl Personen mit jedem Resultat
Perzentil nach korrekt beantworteten Fragen
Ihre Resultats-Entwicklung
Sie haben dieses Quiz seit der letzten Aktualisierung nicht gespielt